000
00278nam a22001097a 4500
008
240711b |||||||| |||| 00| 0 eng d
100
_a
Hariyani, Hari
_9
16836
245
_a
Harishchandra Jiven Kavita
260
_a
Bombay:
_b
Lok Sewa Mandal;
_c
1956.
300
_a
41p.
942
_c
BK
999
_c
39940
_d
39940